| Tag |
First Indicator |
Second Indicator |
Subfields |
| LEADER |
00000cam a2200000 a 4500 |
| 001 |
in00002529310 |
| 005 |
20151113130009.0 |
| 008 |
090925s2009 au b 000 0 ger c |
| 016 |
7 |
|
|a 991841875
|2 GyFmDB
|
| 020 |
|
|
|a 9783205783466 (böhlau : pbk.)
|
| 020 |
|
|
|a 3205783468 (böhlau : pbk.)
|
| 020 |
|
|
|a 9783825232207 (UTB : pbk.)
|
| 020 |
|
|
|a 3825232204 (UTB : pbk.)
|
| 029 |
0 |
|
|a OHX
|b har090006808
|
| 035 |
|
|
|a (OCoLC)ocn441147734
|
| 040 |
|
|
|a OHX
|c OHX
|d UAB
|d TXA
|d UtOrBLW
|
| 042 |
|
|
|a pcc
|
| 049 |
|
|
|a TXAM
|
| 050 |
|
4 |
|a PT2668.A5
|b Z66 2009
|
| 050 |
|
4 |
|a PT2668.A5
|b Z6437 2009
|
| 072 |
|
7 |
|a PT
|2 lcco
|
| 100 |
1 |
|
|a Gottwald, Herwig.
|
| 245 |
1 |
0 |
|a Peter Handke /
|c Herwig Gottwald, Andreas Freinschlag.
|
| 264 |
|
1 |
|a Wien :
|b Böhlau,
|c [2009]
|
| 264 |
|
4 |
|c ©2009
|
| 300 |
|
|
|a 124 pages ;
|c 19 cm.
|
| 336 |
|
|
|a text
|b txt
|2 rdacontent
|
| 337 |
|
|
|a unmediated
|b n
|2 rdamedia
|
| 338 |
|
|
|a volume
|b nc
|2 rdacarrier
|
| 490 |
1 |
|
|a UTB Profile
|
| 490 |
0 |
|
|a Uni-Taschenbücher ;
|v 3220
|
| 504 |
|
|
|a Includes bibliographical references (pages [117]-124).
|
| 600 |
1 |
0 |
|a Handke, Peter
|x Criticism and interpretation.
|
| 700 |
1 |
|
|a Freinschlag, Andreas.
|
| 830 |
|
0 |
|a UTB Profile.
|
| 938 |
|
|
|a Otto Harrassowitz
|b HARR
|n har090006808
|
| 948 |
|
|
|a cataloged
|b h
|c 2009/12/16
|d c
|e jmarner
|f 12:05:05 pm
|
| 994 |
|
|
|a C0
|b TXA
|
| 999 |
|
|
|a MARS
|
| 999 |
f |
f |
|s 035afc75-2859-3d72-b04b-094be4cc1c98
|i ead657ea-b54b-3cd4-bf6c-3f266239dd3b
|t 0
|
| 952 |
f |
f |
|p normal
|a Texas A&M University
|b College Station
|c Sterling C. Evans Library
|d Evans: Library Stacks
|t 0
|e PT2668.A5 Z6437 2009
|h Library of Congress classification
|i unmediated -- volume
|m A14838040976
|
| 998 |
f |
f |
|a PT2668.A5 Z6437 2009
|t 0
|l Evans: Library Stacks
|